<?xml version="1.0" encoding="UTF-8"?>
<record
    xmlns:xsi="http://www.w3.org/2001/XMLSchema-instance"
    xsi:schemaLocation="http://www.loc.gov/MARC21/slim http://www.loc.gov/standards/marcxml/schema/MARC21slim.xsd"
    xmlns="http://www.loc.gov/MARC21/slim">

  <leader>01401nam a2200301 i 4500</leader>
  <controlfield tag="001">44444</controlfield>
  <controlfield tag="003">ES-MaACL</controlfield>
  <controlfield tag="005">20230906161031.0</controlfield>
  <controlfield tag="007">t|</controlfield>
  <controlfield tag="008">030321s1886    sp           ||||1| spa d</controlfield>
  <datafield tag="080" ind1=" " ind2=" ">
    <subfield code="a">271(460.353)</subfield>
  </datafield>
  <datafield tag="080" ind1=" " ind2=" ">
    <subfield code="a">94(460.353)</subfield>
  </datafield>
  <datafield tag="100" ind1="1" ind2=" ">
    <subfield code="a">Ceballos, Fernando de.</subfield>
    <subfield code="9">37273</subfield>
  </datafield>
  <datafield tag="245" ind1="1" ind2="3">
    <subfield code="a">La It&#xE1;lica / </subfield>
    <subfield code="c">por el R.P. maestro fr. Fernando de Zevallos, de la orden de S. Ger&#xF3;nimo en el Monasterio de San Isidro del Campo ; [pr&#xF3;logo, Francisco Collantes de Ter&#xE1;n].</subfield>
  </datafield>
  <datafield tag="260" ind1=" " ind2=" ">
    <subfield code="a">Sevilla : </subfield>
    <subfield code="b">[Sociedad de Bibli&#xF3;filos Andaluces], </subfield>
    <subfield code="c">1886 (</subfield>
    <subfield code="f">Imp. y Lit. de Jos&#xE9; M&#xAA; Ariza)</subfield>
  </datafield>
  <datafield tag="300" ind1=" " ind2=" ">
    <subfield code="a">XVIII, 341 p., [1] h. de plano pleg. ; </subfield>
    <subfield code="c">22 cm.</subfield>
  </datafield>
  <datafield tag="490" ind1="1" ind2=" ">
    <subfield code="a">Sociedad de Bibli&#xF3;filos Andaluces. Primera serie ; </subfield>
    <subfield code="v">18</subfield>
  </datafield>
  <datafield tag="530" ind1=" " ind2=" ">
    <subfield code="a">Disponible en formato digital.</subfield>
  </datafield>
  <datafield tag="599" ind1=" " ind2=" ">
    <subfield code="a">Plano topogr&#xE1;fico de las ruinas de  It&#xE1;lica: "Lit. del Comercio"</subfield>
  </datafield>
  <datafield tag="610" ind1="2" ind2="4">
    <subfield code="a">Monasterio de San Isidoro del Campo (Santiponce)</subfield>
    <subfield code="9">152981</subfield>
  </datafield>
  <datafield tag="651" ind1=" " ind2=" ">
    <subfield code="a">It&#xE1;lica (Ciudad desaparecida)-</subfield>
    <subfield code="x">Historia.</subfield>
    <subfield code="9">8878</subfield>
  </datafield>
  <datafield tag="700" ind1="1" ind2=" ">
    <subfield code="a">Collantes de Ter&#xE1;n Delorme, Francisco.</subfield>
    <subfield code="9">39670</subfield>
  </datafield>
  <datafield tag="710" ind1="2" ind2=" ">
    <subfield code="a">Sociedad de Bibli&#xF3;filos Andaluces.</subfield>
    <subfield code="9">173907</subfield>
  </datafield>
  <datafield tag="830" ind1="1" ind2=" ">
    <subfield code="a">Sociedad de Bibli&#xF3;filos Andaluces. Primera serie ; </subfield>
    <subfield code="v">18</subfield>
    <subfield code="9">182018</subfield>
  </datafield>
  <datafield tag="852" ind1=" " ind2=" ">
    <subfield code="a">ES-MaACL</subfield>
    <subfield code="j">B-5554</subfield>
  </datafield>
  <datafield tag="856" ind1=" " ind2=" ">
    <subfield code="u">http://www.bibliotecavirtualdeandalucia.es/catalogo/es/consulta/registro.do?id=9121</subfield>
    <subfield code="z">Biblioteca Virtual de Andaluc&#xED;a</subfield>
  </datafield>
  <datafield tag="999" ind1=" " ind2=" ">
    <subfield code="c">44444</subfield>
    <subfield code="d">44444</subfield>
  </datafield>
  <datafield tag="952" ind1=" " ind2=" ">
    <subfield code="0">0</subfield>
    <subfield code="1">0</subfield>
    <subfield code="4">0</subfield>
    <subfield code="7">0</subfield>
    <subfield code="8">Colecci&#xF3;n_digital</subfield>
    <subfield code="a">ATENEOM</subfield>
    <subfield code="b">ATENEOM</subfield>
    <subfield code="c">SPB</subfield>
    <subfield code="d">2008-01-17</subfield>
    <subfield code="e">SC</subfield>
    <subfield code="l">0</subfield>
    <subfield code="o">B-5554</subfield>
    <subfield code="p">1046773</subfield>
    <subfield code="r">2023-02-23 00:00:00</subfield>
    <subfield code="w">2023-02-23</subfield>
    <subfield code="y">MONANT</subfield>
  </datafield>
</record>
